000 00441nam a2200181Ia 4500
001 4624
005 20260306145809.0
008 260306t1990||||xx |||||||||||||| ||spa||
041 _aESP
082 _a327.85
_bS21
100 _aSan Martín, Alejandro, 1936-
_eAUT
245 0 _aRelaciones internacionales del Perú
260 _c1990
300 _a121 páginas :
_c21 cm.
650 _aGEN
654 _aCHU
942 _cLIB
_dJUS
_fJUS
_2ddc
_n
999 _c4624
_d4624